Logo BPK

Biblioteka

Politechniki Koszalińskiej

Zamki i pałace Dolnego Śląska = (Rekord nr 33167)

Szczegóły MARC
000 -ETYKIETA REKORDU
podpole kontrolne o stałej długości 00838nam a2200229 i 4500
001 - NUMER KONTROLNY REKORDU
pole kontrolne bg
020 ## - MIĘDZYNARODOWY ZNORMALIZOWANY NUMER KSIĄŻKI - ISBN
ISBN 8370852718
040 ## - ŹRÓDŁO KATALOGOWANIA
Instytucja, która utworzyła rekord BPK
041 1# - KOD JĘZYKA
Kod języka tekstu plde
080 ## - UNIWERSALNA KLASYFIKACJA DZIESIĘTNA - UKD
UKD 728.8(438)"12/19"(02.025.2)A/Z
920 ## - Międzynarodowy znormalizowany numer książki – ISBN
ISBN 83-7085-271-8
008 - POLE O STAŁEJ DŁUGOŚCI - DANE KONTROLNE
podpole kontrolne o stałej długości s pl f |000 0 pol
100 1# - NAZWA OSOBOWA
Nazwa osobowa ŁUCZYŃSKI, Romuald Mariusz
245 10 - TYTUŁ/ODPOWIEDZIALNOŚĆ
Tytuł Zamki i pałace Dolnego Śląska =
Ciąg dalszy tytułu Burgen und Schlösser in Niederschlesien : Wrocław i okolice : Breslau und Umgebung /
Pozostałe elementy strefy tytułu i oznaczenia odpowiedzialności Romuald Mariusz Łuczyński.
260 ## - STREFA ADRESU WYDAWNICZEGO
Miejsce wydania Wrocław :
Nazwa wydawcy/dystrybutora Oficyna Wydawnicza Politechniki Wrocławskiej,
Data publikacji, dystrybucji/powstania dokumentu 1997.
300 ## - STREFA OPISU FIZYCZNEGO
Objętość 121, [3] s. :
Inne cechy fizyczne fot. (w tym kolor.), rys. ;
Rozmiary 19 x 22 cm.
500 ## - UWAGI OGÓLNE
Tekst uwagi Tekst równol. pol., niem.
504 ## - UWAGA DOTYCZĄCA BIBLIOGRAFII
Informacje o bibliografii Bibliogr. s. [122].
650 #9 - HASŁO PRZEDMIOTOWE W FORMIE NAZWY OGÓLNEJ LUB JEDNOSTKOWEJ
Nazwa ogólna lub geograficzna Zamki i pałace
Określnik ogólny historia
Określnik geograficzny Polska
651 #9 - HASŁO PRZEDMIOTOWE W FORMIE NAZWY GEOGRAFICZNEJ
Nazwa geograficzna Śląsk, Dolny
Określnik ogólny budownictwo
-- historia
856 ## - LOKALIZACJA I DOSTĘP DO ELEKTRONICZNYCH DOKUMENTÓW ZDALNYCH
Link (URL) http://koha.tu.koszalin.pl/cgi-bin/koha/opac-detail.pl?biblionumber=33167
Tekst linku Katalog online BPK
942 ## - DODATKOWE ELEMENTY (KOHA)
Typ dokumentu Książka
Egzemplarze
Wycofany Status egzemplarza Uszkodzony Dostępność Lokalizacja stała Lokalizacja bieżąca Miejsce przechowywania Sygnatura Kod kreskowy Typ dokumentu
      Dostępny Biblioteka Politechniki Koszalińskiej Biblioteka Politechniki Koszalińskiej Wypożyczalnia BG 43002 01329711 Książka
© 2023 Biblioteka Politechniki Koszalińskiej :: KOHA